[Event "Frankfurt-chB"]
[Site "Frankfurt"]
[Date "2022.06.13"]
[Round "7"]
[White "Gruenzig, Matthias"]
[Black "Sommer, Alexander"]
[Result "0-1"]
[WhiteElo "1439"]
[BlackElo "1440"]
[PlyCount "124"]
[EventDate "2022.04.25"]
[EventType "swiss"]
[EventRounds "7"]
[EventCountry "GER"]
[SourceTitle "EXT 2023"]
[Source "ChessBase"]
[SourceDate "2022.10.05"]
[SourceVersion "1"]
[SourceVersionDate "2022.10.05"]
[SourceQuality "1"]

1. d4 d5 2. Bf4 Nf6 3. e3 Bg4 4. Be2 Bxe2 5. Qxe2 e6 6. Nd2 Nbd7 7. c3 Be7 8. Ngf3 0-0 9. h3 c5 10. Ne5 Rc8 11. dxc5 Nxc5 12. 0-0 Qb6 13. Ndf3 Nce4 14. Ng5 Rfd8 15. Nexf7 h6 16. Nxe4 Kxf7 17. Nxf6 Bxf6 18. Rab1 Rc5 19. Rfd1 Rdc8 20. Qh5+ Ke7 21. Be5 Rf8 22. Bxf6+ Rxf6 23. Qg4 Kf7 24. Qd4 Qc7 25. Qg4 Qe7 26. e4 Rc4 27. Qh5+ g6 28. Qxh6 Rxe4 29. Qh7+ Ke8 30. Qxe7+ Kxe7 31. f3 Re5 32. Re1 Rg5 33. Rbd1 Rxf3 34. h4 Rg4 35. Rd4 Rxd4 36. cxd4 Rd3 37. Rc1 Kd7 38. Rf1 Rxd4 39. Rf7+ Kc6 40. Rf6 Kd6 41. Rxg6 Rxh4 42. a3 Rh7 43. Kf2 d4 44. Ke2 Kd5 45. Kd3 Rf7 46. b4 Rc7 47. a4 Rc4 48. Rg7 Rxb4 49. Rd7+ Ke5 50. Rc7 Rxa4 51. Rxb7 Ra3+ 52. Kc4 Ke4 53. Rg7 Rc3+ 54. Kb4 a5+ 55. Kxa5 d3 56. Kb4 Rc1 57. Rg4+ Ke3 58. Rg6 e5 59. Rg3+ Ke2 60. Rg4 d2 61. Re4+ Kf2 62. Rxe5 d1Q 0-1

[Event "Frankfurt-chB"]
[Site "Frankfurt"]
[Date "2022.05.16"]
[Round "4"]
[White "Woehl, Torsten"]
[Black "Gruenzig, Matthias"]
[Result "1/2-1/2"]
[WhiteElo "1490"]
[BlackElo "1439"]
[PlyCount "98"]
[EventDate "2022.04.25"]
[EventType "swiss"]
[EventRounds "7"]
[EventCountry "GER"]
[SourceTitle "EXT 2023"]
[Source "ChessBase"]
[SourceDate "2022.10.05"]
[SourceVersion "1"]
[SourceVersionDate "2022.10.05"]
[SourceQuality "1"]

1. d4 d5 2. Bf4 Nf6 3. e3 e6 4. Bd3 Bd6 5. Ne2 Nc6 6. c3 Bd7 7. Nd2 Qe7 8. c4 Bxf4 9. Nxf4 dxc4 10. Bxc4 0-0-0 11. 0-0 Be8 12. Rc1 Nd5 13. Nxd5 exd5 14. Be2 f5 15. Nb3 Nb8 16. Nc5 Bc6 17. Qb3 b6 18. Na6 Nxa6 19. Bxa6+ Bb7 20. Bd3 g6 21. Rc3 Kb8 22. Rfc1 Rc8 23. Qa4 c6 24. Ra3 Ba8 25. Ba6 Rc7 26. Qc2 Bb7 27. Be2 Rhc8 28. Qa4 Ba8 29. b4 f4 30. Bg4 Re8 31. h3 fxe3 32. Rxe3 Qf7 33. Rce1 Rxe3 34. Rxe3 Re7 35. Qa6 Bb7 36. Qe2 Rxe3 37. Qxe3 Bc8 38. Qe5+ Qc7 39. Qh8 h5 40. Bxc8 Qxc8 41. Qe5+ Ka8 42. b5 cxb5 43. Qxd5+ Kb8 44. Qd6+ Kb7 45. Qe7+ Ka6 46. Qa3+ Kb7 47. Qe3 Qc2 48. a3 Qb1+ 49. Kh2 Qf5 1/2-1/2

[Event "Frankfurt-chB"]
[Site "Frankfurt"]
[Date "2019.06.04"]
[Round "6"]
[White "Tryfon, Konstantin"]
[Black "Gruenzig, Matthias"]
[Result "1-0"]
[WhiteElo "1239"]
[BlackElo "1298"]
[PlyCount "59"]
[EventDate "2019.04.29"]
[EventType "swiss"]
[EventRounds "7"]
[EventCountry "GER"]
[SourceTitle "EXT 2020"]
[Source "ChessBase"]
[SourceDate "2019.10.17"]
[SourceVersion "1"]
[SourceVersionDate "2019.10.17"]
[SourceQuality "1"]

1. e4 d5 2. exd5 Qxd5 3. Nc3 Qa5 4. Nf3 c6 5. d4 Bg4 6. Bc4 e6 7. 0-0 Nf6 8. Bd2 Qb6 9. Re1 Bxf3 10. Qxf3 Be7 11. Qd3 0-0 12. Qg3 Kh8 13. d5 cxd5 14. Bxd5 Bd6 15. Na4 Bxg3 16. Nxb6 Bxf2+ 17. Kxf2 Nxd5 18. Nxa8 Na6 19. Rf1 Rxa8 20. Kg1 Kg8 21. Rf3 Nc5 22. Raf1 Ne4 23. Be1 f5 24. c4 Ndf6 25. Bc3 Nxc3 26. Rxc3 Ne4 27. Re3 Rd8 28. g4 g6 29. b3 Kf7 30. Rxe4 1-0

[Event "Frankfurt-chB"]
[Site "Frankfurt"]
[Date "2019.05.20"]
[Round "4"]
[White "Gruenzig, Matthias"]
[Black "Woehl, Torsten"]
[Result "0-1"]
[WhiteElo "1298"]
[BlackElo "1324"]
[PlyCount "62"]
[EventDate "2019.04.29"]
[EventType "swiss"]
[EventRounds "7"]
[EventCountry "GER"]
[SourceTitle "EXT 2020"]
[Source "ChessBase"]
[SourceDate "2019.10.17"]
[SourceVersion "1"]
[SourceVersionDate "2019.10.17"]
[SourceQuality "1"]

1. e4 e6 2. Nf3 d5 3. exd5 exd5 4. d4 Nf6 5. Be2 Be7 6. 0-0 0-0 7. Bf4 c6 8. c3 Bg4 9. Ne5 Bxe2 10. Qxe2 Nbd7 11. Re1 Re8 12. Nxd7 Qxd7 13. Be3 Bd6 14. h3 Re6 15. Nd2 Rae8 16. Qf3 Ne4 17. Nxe4 dxe4 18. Qg4 Qc7 19. h4 Rg6 20. Qh3 h5 21. Kh1 Rg4 22. Bg5 Re6 23. g3 Be7 24. Bxe7 Qxe7 25. Kg2 f5 26. Re3 f4 27. Ree1 e3 28. Kf3 exf2 29. Kxf2 fxg3+ 30. Kf1 Qf6+ 31. Kg1 Qf2+ 0-1

[Event "Frankfurt-chB"]
[Site "Frankfurt"]
[Date "2019.05.13"]
[Round "3"]
[White "Ketting, Douwe"]
[Black "Gruenzig, Matthias"]
[Result "1/2-1/2"]
[WhiteElo "1397"]
[BlackElo "1298"]
[PlyCount "38"]
[EventDate "2019.04.29"]
[EventType "swiss"]
[EventRounds "7"]
[EventCountry "GER"]
[SourceTitle "EXT 2020"]
[Source "ChessBase"]
[SourceDate "2019.10.17"]
[SourceVersion "1"]
[SourceVersionDate "2019.10.17"]
[SourceQuality "1"]

1. b4 e5 2. Bb2 Bxb4 3. Bxe5 Nf6 4. Nf3 Nc6 5. Bb2 0-0 6. c4 d6 7. e3 Bg4 8. a3 Ba5 9. Be2 Re8 10. 0-0 Bb6 11. d4 a6 12. Nbd2 Na5 13. Qc2 Bh5 14. Rac1 Bg6 15. Qc3 Nc6 16. Rfd1 Ba5 17. Qb3 Bxd2 18. Rxd2 Rb8 19. Qd1 Ne4 1/2-1/2

[Event "Frankfurt-chB"]
[Site "Frankfurt"]
[Date "2018.06.18"]
[Round "7"]
[White "Gruenzig, Matthias"]
[Black "Pessotschinski, Lars"]
[Result "1/2-1/2"]
[WhiteElo "1347"]
[BlackElo "1251"]
[PlyCount "128"]
[EventDate "2018.04.30"]
[EventType "swiss"]
[EventRounds "7"]
[EventCountry "GER"]
[SourceTitle "EXT 2019"]
[Source "ChessBase"]
[SourceDate "2018.10.10"]
[SourceVersion "1"]
[SourceVersionDate "2018.10.10"]
[SourceQuality "1"]

1. d4 Nf6 2. c4 g6 3. Nc3 Bg7 4. Nf3 0-0 5. Bg5 d6 6. h3 Nbd7 7. Qd2 e5 8. dxe5 Nxe5 9. Nxe5 dxe5 10. Rd1 Qxd2+ 11. Rxd2 Be6 12. Bxf6 Bxf6 13. Ne4 Be7 14. e3 Rad8 15. a3 f5 16. Nc3 Rd6 17. Nb5 Rxd2 18. Kxd2 Rd8+ 19. Kc2 c6 20. Nc3 a6 21. b4 f4 22. e4 Kf7 23. Be2 h5 24. Rd1 Rxd1 25. Nxd1 b5 26. Nb2 Bh4 27. f3 Bd8 28. Kc3 Bb6 29. c5 Bd8 30. Nd3 Bc7 31. Bd1 a5 32. Bb3 g5 33. Bxe6+ Kxe6 34. Kd2 Kf6 35. Ke2 Ke6 36. Kf2 Kf6 37. g3 Ke6 38. gxf4 gxf4 39. h4 Bd8 40. bxa5 Bxa5 41. Ne1 Bc3 42. Nc2 Ba5 43. Kg2 Bd8 44. Nb4 Kd7 45. Kh3 Be7 46. Nd3 Ke6 47. Nb4 Bxc5 48. Nxc6 Bxa3 49. Na5 Kd6 50. Nb3 b4 51. Kg2 Kc6 52. Kf2 Kb5 53. Ke2 Kc4 54. Na5+ Kc3 55. Kd1 Kd3 56. Nc6 Ke3 57. Nxe5 Kd4 58. Ng6 Ke3 59. Ne5 Kd4 60. Ng6 b3 61. Nxf4 Ke3 62. Nxh5 Kxf3 63. e5 Kg4 64. Nf6+ Kxh4 1/2-1/2

[Event "Frankfurt-chB"]
[Site "Frankfurt"]
[Date "2017.05.08"]
[Round "3"]
[White "Gruenzig, Matthias"]
[Black "Hartwig, Horst"]
[Result "1-0"]
[WhiteElo "1312"]
[BlackElo "1156"]
[PlyCount "119"]
[EventDate "2017.04.24"]
[EventType "swiss"]
[EventRounds "7"]
[EventCountry "GER"]
[SourceTitle "EXT 2018"]
[Source "ChessBase"]
[SourceDate "2017.10.13"]
[SourceVersion "1"]
[SourceVersionDate "2017.10.13"]
[SourceQuality "1"]

1. d4 e6 2. c4 d5 3. Nc3 Bb4 4. Bd2 Ne7 5. a3 Bd6 6. c5 Bxh2 7. Rxh2 0-0 8. Qc2 Ng6 9. Nf3 Nc6 10. e3 e5 11. Bb5 e4 12. Bxc6 bxc6 13. Ng1 Qg5 14. Nce2 Ba6 15. Ba5 Bd3 16. Qd1 Rab8 17. b4 Rb7 18. Nc1 Bc4 19. Qh5 Qxh5 20. Rxh5 f5 21. Nh3 f4 22. Nxf4 Nxf4 23. exf4 Rxf4 24. Ne2 Bxe2 25. Kxe2 g6 26. Ke3 Rf7 27. Rh4 Rb8 28. Rf4 Rbf8 29. Rxf7 Rxf7 30. Rh1 Kg7 31. Rh4 g5 32. Rh3 Kg6 33. g4 a6 34. f3 exf3 35. Rxf3 Re7+ 36. Kd3 h5 37. gxh5+ Kxh5 38. Re3 Rf7 39. Re5 Kh4 40. Re6 g4 41. Rh6+ Kg3 42. Rxc6 Kf3 43. Bxc7 g3 44. Bxg3 Kxg3 45. Rxa6 Rf3+ 46. Kc2 Rf2+ 47. Kb3 Rf3+ 48. Ka4 Rd3 49. Rd6 Rxd4 50. Kb5 Kf4 51. a4 Ke5 52. a5 Rd1 53. a6 d4 54. a7 Ra1 55. Kb6 Ke4 56. Rd8 d3 57. a8Q+ Rxa8 58. Rxa8 Ke3 59. Rd8 d2 60. Rxd2 1-0

[Event "Frankfurt-chB"]
[Site "Frankfurt"]
[Date "2017.05.02"]
[Round "2"]
[White "Baer, Christian"]
[Black "Gruenzig, Matthias"]
[Result "1-0"]
[WhiteElo "1469"]
[BlackElo "1312"]
[PlyCount "27"]
[EventDate "2017.04.24"]
[EventType "swiss"]
[EventRounds "7"]
[EventCountry "GER"]
[SourceTitle "EXT 2018"]
[Source "ChessBase"]
[SourceDate "2017.10.13"]
[SourceVersion "1"]
[SourceVersionDate "2017.10.13"]
[SourceQuality "1"]

1. d4 d5 2. c4 e6 3. e3 Nf6 4. Nf3 Nbd7 5. Nc3 g6 6. Bd3 Bg7 7. 0-0 c6 8. b3 0-0 9. Bb2 Qc7 10. Rc1 Re8 11. Ba3 Nb6 12. cxd5 exd5 13. Nb5 Qb8 14. Bd6 1-0

[Event "Frankfurt-chB"]
[Site "Frankfurt"]
[Date "2013.06.17"]
[Round "7"]
[White "Peschk, Kathrin"]
[Black "Gruenzig, Matthias"]
[Result "1/2-1/2"]
[WhiteElo "1068"]
[BlackElo "1107"]
[PlyCount "69"]
[EventDate "2013.04.29"]
[EventType "swiss"]
[EventRounds "7"]
[EventCountry "GER"]
[SourceTitle "EXT 2014"]
[Source "ChessBase"]
[SourceDate "2013.11.20"]
[SourceVersion "1"]
[SourceVersionDate "2013.11.20"]
[SourceQuality "1"]

1. e4 e5 2. Nf3 Nc6 3. Bc4 d6 4. Nc3 Bg4 5. d3 Bxf3 6. Qxf3 Qf6 7. Qxf6 Nxf6 8. 0-0 Nd4 9. Nb5 Nxb5 10. Bxb5+ c6 11. Ba4 b5 12. Bb3 d5 13. f3 Bc5+ 14. Kh1 a5 15. c3 a4 16. Bc2 d4 17. cxd4 Bxd4 18. Rb1 h6 19. Bd2 0-0 20. Rfe1 g5 21. Be3 Bxe3 22. Rxe3 c5 23. Rc1 Rac8 24. Ree1 Rfd8 25. Red1 Nh5 26. g3 Ng7 27. b3 a3 28. Bb1 Ne6 29. Kg2 Nd4 30. Kf2 b4 31. h3 Nb5 32. Ke3 Nc3 33. Rd2 f6 34. Rf1 Kf7 35. Rc1 1/2-1/2

[Event "Frankfurt-chB"]
[Site "Frankfurt"]
[Date "2013.04.29"]
[Round "1"]
[White "Hoffmann, Wolfgang"]
[Black "Gruenzig, Matthias"]
[Result "1-0"]
[WhiteElo "1498"]
[BlackElo "1107"]
[PlyCount "53"]
[EventDate "2013.04.29"]
[EventType "swiss"]
[EventRounds "7"]
[EventCountry "GER"]
[SourceTitle "EXT 2014"]
[Source "ChessBase"]
[SourceDate "2013.11.20"]
[SourceVersion "1"]
[SourceVersionDate "2013.11.20"]
[SourceQuality "1"]

1. c4 e5 2. Nc3 Nf6 3. e3 Nc6 4. d4 exd4 5. exd4 d5 6. Nf3 Bb4 7. Be2 Be6 8. Nd2 Nxd4 9. 0-0 Bxc3 10. bxc3 Nxe2+ 11. Qxe2 dxc4 12. Nxc4 0-0 13. Ne3 Re8 14. Rd1 Qe7 15. a4 c5 16. Bb2 Rad8 17. c4 Bg4 18. f3 Rxd1+ 19. Rxd1 Bd7 20. Rd3 Bxa4 21. Qd2 Bc6 22. Kf2 Nd7 23. Nf5 Qd8 24. Nxg7 Qh4+ 25. Kf1 Rf8 26. Nf5 Qd8 27. Qh6 1-0